| 000 | 00965 a2200217 4500 | ||
|---|---|---|---|
| 020 | _a0521550017 | ||
| 020 | _a9780521550017 | ||
| 082 | _a530.143 | ||
| 090 |
_c1135 _d1135 |
||
| 100 | 1 | _aWeinberg, Steven. | |
| 245 | 1 | 4 |
_aThe quantum theory of fields / _cSteven Weinberg. _b Foundations/ _nVolume I. |
| 260 |
_a[S.l.] : _bCambridge University Press, _c2005. |
||
| 300 |
_a635 p. ; _c25 cm. |
||
| 490 | 1 | _aVolume 1. | |
| 700 | _aWeinberg, Steven. | ||
| 830 | 0 | _aVolume 1. | |
| 942 |
_aSNS _cBK _k530.143 WEI |
||
| 999 |
_c29749 _d29749 |
||